Vainqueurs de la Serie A, coachs, capitaines et meilleurs buteurs - Statistiques

Statistiques générales
  • Ce quiz a été pris 289 fois
    48 depuis la dernière actualisation
  • Le résultat moyen est 58 sur 76
Statistiques - réponses
Hint Réponse % Correct
22 AC Milan
100%
11 AC Milan
100%
Inter Milan
100%
champion Inter Milan
100%
21 Inter Milan
100%
10 Inter Milan
100%
9 Inter Milan
100%
8 Inter Milan
100%
20 Juventus
100%
19 Juventus
100%
18 Juventus
100%
17 Juventus
100%
16 Juventus
100%
15 Juventus
100%
14 Juventus
100%
13 Juventus
100%
12 Juventus
100%
SSC Napoli
100%
23 SSC Napoli
100%
Lautaro Martínez
93%
24 Lautaro Martínez
93%
Lautaro Martínez
93%
Lautaro Martínez
93%
18 Gianluigi Buffon
88%
17 Gianluigi Buffon
88%
16 Gianluigi Buffon
88%
15 Gianluigi Buffon
88%
14 Gianluigi Buffon
88%
13 Gianluigi Buffon
88%
Olivier Giroud / Rafael Leão
88%
20 Giorgio Chiellini
86%
19 Giorgio Chiellini
86%
Cristiano Ronaldo
83%
Cristiano Ronaldo
83%
Gonzalo Higuaín
83%
José Mourinho
83%
José Mourinho
83%
Antonio Conte
81%
Antonio Conte
81%
Antonio Conte
81%
Antonio Conte
81%
Antonio Conte
81%
Paulo Dybala
81%
Paulo Dybala
81%
Simone Inzaghi
81%
Victor Osimhen
81%
Romelu Lukaku
79%
Romelu Lukaku
79%
Massimiliano Allegri
74%
Massimiliano Allegri
74%
Massimiliano Allegri
74%
Massimiliano Allegri
74%
Massimiliano Allegri
74%
Massimiliano Allegri
74%
Zlatan Ibrahimović / Alexandre Pato / Robinho
74%
Zlatan Ibrahimović
71%
Zlatan Ibrahimović
71%
Diego Milito
67%
Carlos Tévez
62%
Carlos Tévez
62%
Cristian Chivu
60%
Luciano Spalletti
60%
10 Javier Zanetti
55%
9 Javier Zanetti
55%
8 Javier Zanetti
55%
Stefano Pioli
52%
12 Alessandro Del Piero
48%
Giovanni Di Lorenzo
40%
23 Giovanni Di Lorenzo
40%
Maurizio Sarri
40%
21 Samir Handanović
29%
22 Alessio Romagnoli
24%
Roberto Mancini
19%
Arturo Vidal / Mirko Vučinić
14%
11 Massimo Ambrosini
12%
Alessandro Matri
7%
Aucun quiz correspondant
Distribution des résultats
% des personnes avec chaque résultat
Percentile par nombre de réponses
Votre historique - résultats
Vous n’avez pas pris ce quiz depuis la dernière actualisation